Las nuevas fuentes de productividad perspectiva en Amřica Latina /

Detalles Bibliográficos
Autor principal: Quiroga Parra, Daro̕ Jess︢
Formato: eBook
Lenguaje:español
Publicado: Medelln̕: Universidad Cooperativa de Colombia, 2022
Materias:
Acceso en línea:Acceso restringido

MARC

LEADER 00000nam a22000007a 4500
005 2022070600150.0
007 cr|||| ||||
008 220706s2022 co |||||s|||| 00||0 spa d
020 |a 9789587603576 
035 |a 36660 
040 |a vLex 
090 |c 13532  |d 13532 
100 1 |a Quiroga Parra, Daro̕ Jess︢ 
245 1 3 |a Las nuevas fuentes de productividad  |h [Recurso electrn̤ico] :  |b perspectiva en Amřica Latina /  |c Daro̕ Jess︢ Quiroga Parra 
256 |a Servicio en ln̕ea 
260 |a Medelln̕:  |b Universidad Cooperativa de Colombia,  |c 2022 
300 |a 1 recurso electrn̤ico 
500 |a Los procesos de globalizacin̤ e internacionalizacin̤ de los mercados y las economa̕s de los pas̕es han hecho que la sociedad global internacional comprenda que el mundo del siglo xxi est ̀conformado por pas̕es ricos y pobres, esto es pas̕es desarrollados y pas̕es en desarrollo. La marcada diferencia entre los dos bloques econm̤icos fue la pregunta que se hicieron los unos y los otros. La respuesta a la pregunta se mostr ̤ms̀ all ̀de la lectura literal de los textos, en la lectura abductiva de la dinm̀ica de los contextos histr̤icos globales del desarrollo econm̤ico, educativo, institucional, cultural, del capital social, como tambiň de la ciencia, la tecnologa̕ y la innovacin̤ (ct&i) en cada pas̕ y regin̤. Por una parte, estuvieron las realidades empr̕icas vividas de cada pas̕, las cuales, mediante las experiencias econm̤icas, sociales, culturales, tecnolg̤icas e institucionales de las personas, quienes expresaron las vivencias en cada espacio y en cada p̌oca. Por otro lado, est ̀la ciencia que, igualmente a travš del tiempo, ha estado mostrando con el conocimiento y las evidencias cientf̕icas, las realidades de las diferencias entre pas̕es en desarrollo y pas̕es desarrollados. Ciertamente, la humanidad en los l︢timos dos siglos y medio ha tenido una dinm̀ica tecnolg̤ica y de generacin̤ de conocimientos, sin precedentes en la historia. Dinm̀ica propiciada por los saltos cuǹticos de las l︢timas tres revoluciones industriales, en las cuales la produccin̤ de conocimiento favorecido por los niveles de educacin̤ de las personas ha generado volm︢enes hipergeomťrica de este. Hecho que ha llevado a un aceleramiento dinm̀ico de las innovaciones tecnolg̤icas, no pronosticado antes. El libro, en su conjunto, tom ̤como props̤ito realizar un anl̀isis ter̤ico, estads̕tico y economťrico de lo denominado en las l︢timas cuatro dčadas por los pas̕es desarrollados como las nuevas fuentes de productividad en Amřica Latina, en relacin̤ con la productividad y la competitividad. Las bases bibliogrf̀icas digitales de Scopus facilitaron la bs︢queda de la literatura internacional, nacional y las bases de datos del Foro Econm̤ico Mundial, el Banco Mundial y Transparencia Internacional fueron la fuente de la informacin̤ estads̕tica. Los resultados presentaron el estado real de Amřica Latina en las variables de capital humano, tecnologa̕s de la informacin̤ y la comunicacin̤ (tic), innovacin̤ e instituciones, como tambiň el avance de la regin̤ en el tema de gestin̤ del conocimiento. El libro concluy ̤mostrando los fuertes rezagos de Amřica Latina en cuanto a la calidad en educacin̤ (capital humano), tic, innovacin̤, con fallas de calidad en las instituciones extractivas y no inclusivas que pueden estar afectando la productividad y la competitividad de la regin̤. 
506 1 |a Disponible solo en los productos indicados  |d vLex Global  |d vLex Global (Academic Edition, excluding Law Schools)  |d vLex Global (U.S. Academic Edition, Law Schools)  |d vLex Global (U.S. Academic Edition, excluding Law Schools)  |d vLex Global (Academic Edition, Law Schools) 
650 0 4 |a Derecho Comunitario  |z Colombia 
740 0 |a vLex Libros (Servicio en ln̕ea) 
856 4 0 |u https://app.vlex.com/#/sources/36660  |z Acceso restringido 
942 |c BOOK 
999 0 |a Community Law